Leuvense straten - Statistieken

Algemene statistieken
  • Deze quiz is 6 keer genomen
  • De gemiddelde score is 17 van 870
Antwoorden op de kaart
Antwoorden kleurgecodeerd door een groen-rode schaal op de quizkaart volgens % correct hieronder.
 
Antwoordstatistieken
Antwoord % Correct
Brusselsestraat
67%
Diestsestraat
67%
Naamsestraat
67%
Parijsstraat
67%
Tiensestraat
67%
Bondgenotenlaan
50%
Dirk Boutslaan
50%
Grote Markt
50%
Maria-Theresiastraat
50%
Martelarenplein
50%
Mechelsestraat
50%
Oude Markt
50%
Parkstraat
50%
Schapenstraat
50%
Blijde-Inkomststraat
33%
Ravenstraat
33%
Riddersstraat
33%
Rijschoolstraat
33%
Tervuursevest
33%
Vaartstraat
33%
Andreas Vesaliusstraat
17%
Brusselsesteenweg
17%
Dekenstraat
17%
Diestsesteenweg
17%
Diestsevest
17%
Drinkwaterstraat
17%
Edelzangerslaan
17%
Eénmeilaan
17%
Éenmeilaan
17%
Fazantenlaan
17%
Fonteinstraat
17%
Frederik Lintsstraat
17%
Groot Begijnhof
17%
Halfmaartstraat
17%
Herbert Hooverplein
17%
Holsbeeksesteenweg
17%
Jan-Pieter Minckelersstraat
17%
Janseniusstraat
17%
Jan Stasstraat
17%
Kapucijnenvoer
17%
Kardinaalstraat
17%
Keizersstraat
17%
Koningsstraat
17%
Lei
17%
Lombaardenstraat
17%
Mechelsesteenweg
17%
Minderbroedersstraat
17%
Monseigneur Ladeuzeplein
17%
Muntstraat
17%
Platte-Lostraat
17%
Predikherenstraat
17%
Sint-Jacobsplein
17%
Sint-Maartenstraat
17%
Tervuursesteenweg
17%
Tervuursestraat
17%
Tiensevest
17%
Tunnelweg
17%
Waaistraat
17%
Willemsstraat
17%
Windmolenstraat
17%
Windmolenveldstraat
17%
Zongang
17%
Aapark
0%
Aarschotsesteenweg
0%
Aarschotseweg
0%
Aarschotseweg / Alfons Stesselstraat
0%
Abdijdreef
0%
Abdijstraat
0%
Abdij van Park
0%
Acacialaan
0%
Acaciaplein
0%
Acaciastraat
0%
Achter de latten
0%
Achttienaprillaan
0%
Achturenstraat
0%
Adjudant Harboortstraat
0%
Adolphe Bastinstraat
0%
Akkerweg
0%
Akkerweg (H91)
0%
Alaudastraat
0%
Albert Dejonghestraat
0%
Albert Giraudstraat
0%
Albert Stainierstraat
0%
Albert Woutersstraat
0%
Albrechtplein
0%
Albrecht Rodenbachstraat
0%
Alfons Roelandtsstraat
0%
Alfons Stesselstraat
0%
Alfons Van Geelstraat
0%
Alfons Verbovenstraat
0%
Alfred Delaunoislaan
0%
Amerikalaan
0%
Ankerstraat
0%
Arendstraat
0%
Armand Meyswijk
0%
Armand Thiérylaan
0%
Arnoudt Rulenslaan
0%
Arnould Nobelstraat
0%
Arthur De Greefstraat
0%
Arthur Meulemanslaan
0%
Asstraat
0%
Atelierstraat
0%
Augusta Chiwystraat
0%
Augustijnenstraat
0%
August Vermeylenlaan
0%
Balsembloemhof
0%
Bankstraat
0%
Baron August de Becker Remyplein
0%
Baron d'Eynattenstraat
0%
Beeklaan
0%
Beemdenpad
0%
Beemdenstraat
0%
Begijnhofkerkstraat
0%
Benedenplein
0%
Benedenstraat
0%
Bergenstraat
0%
Bergeweg (H121)
0%
Bergeweg H121 sectie 4
0%
Bergstraat
0%
Berg Tabor
0%
Berg Taborweg
0%
Bergweg (H71)
0%
Berkenhoflaan
0%
Bertempad
0%
Bertemstraat
0%
Betlehemweg
0%
Beukenlaan
0%
Beursgang
0%
Biehal
0%
Bierbeekstraat
0%
Bieststraat
0%
Bieststraat (H39)
0%
Biezenstraat
0%
Bijendreef
0%
Bijlokstraat
0%
Blauwe straat (level 2)
0%
Blauwe straat (level 3)
0%
Blauwputgang
0%
Blauwputplein
0%
Bleydenberglaan
0%
Bloemenberggang
0%
Bloemenlaan
0%
Blokweg
0%
Boekhandelstraat
0%
Bogaardenstraat
0%
Boghe of Brandgang
0%
Boogschuttersstraat
0%
Bornestraat
0%
Borstelsstraat
0%
Bosch Rantzenstraat (H81)
0%
Boskantlaan
0%
BO Ter Bank vzw Bus Platform
0%
Bottelarij
0%
Boulevardstraat
0%
Bovenstraat
0%
Bovenveld
0%
Braambessenlaan
0%
Brabançonnestraat
0%
Brampad
0%
Brandenstraat
0%
Brandweg
0%
Bremveldstraat
0%
Broederlijkheidstraat
0%
Broekstraat
0%
Broekveldstraat
0%
Broekweg
0%
Bronlaan
0%
Brouwerijplein
0%
Brouwersstraat
0%
Brugbergpad
0%
Brugstraat
0%
Bruineveld
0%
Bruineveldpad
0%
Burchtstraat
0%
Burenberg
0%
Burgemeestersstraat
0%
Busleidengang
0%
Campus Vesalius
0%
Cansgang
0%
Cardenberch
0%
Celestijnenlaan
0%
Charles Deberiotstraat
0%
Claire Vellutstraat
0%
Coenraedt Keynslaan
0%
Collegeberg
0%
Compostweg
0%
Constantin Meunierstraat
0%
Craenendonck
0%
Cristianlaan
0%
Dagobertstraat
0%
Dalenstraat
0%
Daneelsgang
0%
De Angelispad
0%
De Drie Kreeften
0%
De Hoorn
0%
Dellestraat
0%
Den Boomgaard
0%
Den Boschsingel
0%
Den Bremt
0%
Den Tempst
0%
Désiré Mellaertsstraat
0%
De Wijngaard
0%
Diependaalweg
0%
Diestsepoort
0%
Dijledreef
0%
Domeinstraat
0%
Donkerstraat
0%
Doornbergpad
0%
Dreefstraat
0%
Drie-Engelenberg
0%
Drukpersstraat
0%
Duchesnelaan
0%
Duinberglaan
0%
Duivelsweg
0%
E-BIB ingang fietsparking
0%
E-BIB secondary entrance path
0%
Eburonenlaan
0%
Edouard Remyvest
0%
Edward Van Evenstraat
0%
Eendenpad
0%
Eeuwfeeststraat
0%
Egelantierlaan
0%
Egenhovenweg
0%
Eikenbergstraat
0%
Eikstraat
0%
Elfnovemberlaan
0%
Elzasgang
0%
Emiel Hullebroecklaan
0%
Emile Mathieustraat
0%
Emile Van Arenberghstraat
0%
Engelenbosweg
0%
Engels Plein
0%
Englebert Carleerlaan
0%
Erasme Ruelenspark
0%
Erasme Ruelensvest
0%
Erasmusplein
0%
Ernest Solvaystraat
0%
Escoriallaan
0%
Esplanadelaan
0%
Eugène Gilbertstraat
0%
F8
0%
Familie De Bayostraat
0%
Ferdinand Perdieusstraat
0%
Ferdinand Smoldersplein
0%
Ferdinand Verbiestlaan
0%
Fietsspiraal Station Leuven
0%
Finse Piste
0%
Flessentrekkerspad
0%
François Demarsinstraat
0%
Frans Nensstraat
0%
Frans Vermeylenstraat
0%
Franz Tielemanslaan
0%
Galgebergstraat
0%
Galgebergstraat (H73)
0%
Gasthuisberglaan
0%
Gaston Feremanslaan
0%
Gaston Geenslaan
0%
Gaston Geensstraat
0%
Gebroeders Massantstraat
0%
Geldenaaksebaan
0%
Geldenaaksevest
0%
Gelijkheidsstraat
0%
Gemeenteplein
0%
Gemeentestraat
0%
Genadeweg
0%
Gerard Vander Lindenstraat
0%
Geuzenveld
0%
Gijzelaarsstraat
0%
Gildenstraat
0%
Glasblazerijplein
0%
Glasblazerijstraat
0%
Godelindestraat
0%
Goede Haardlaan
0%
Goswin III-Laan
0%
Goudsbloemstraat
0%
Grasmushof
0%
Grensstraat
0%
Grimdestraat
0%
Groefplein
0%
Groefstraat
0%
Groeneweg
0%
Groenstraat
0%
Groenveldstraat
0%
Groot Begijnhof Benedenstraat
0%
Grote Molenweg
0%
Guido Gezellelaan
0%
Haanhofweg
0%
Hagelandstraat
0%
Half Daghmael
0%
Hallengang
0%
Halvestraat
0%
Hamburgpad
0%
Handbooghof
0%
Hanengang
0%
Havenkant
0%
Heerstraat
0%
Heidelaan
0%
Heikneuterlaan
0%
Heilige-Geeststraat
0%
Hendrik Consciencestraat
0%
Henri Geeraertlaan
0%
Henri Regastraat
0%
Herbeemdpad
0%
Herenbergstraat
0%
Herendreef
0%
Herentsesteenweg
0%
Herestraat
0%
Herestraat - Ring Noord
0%
Herestraat - Ring Zuid
0%
Herfstlaan
0%
Hertog Engelbertlaan
0%
Hertog Jan I-straat
0%
Hertogstraat
0%
Hertstraat
0%
het Straetjen (H120)
0%
Het Torentje
0%
Heubemdveldweg (H128)
0%
Heubemdveldweg H128
0%
Heuvelhof
0%
Heuvellaan
0%
Heuvelstraat
0%
Hoegaardsestraat
0%
Hof ten Berg
0%
Hof ter Bekelaan
0%
Hof Ter Eikenlaan
0%
Hof Ter Leepslaan
0%
Hof Ter Neppenlaan
0%
Hoge-Berglaan
0%
Hogeschoolplein
0%
Hogestraat
0%
Hollestraat
0%
Hoogbeemd
0%
Hoogebeekweg (H113)
0%
Horengang
0%
Hortense Damanhof
0%
Hoveniersdreef
0%
Hulsberg
0%
Hulsbergweg
0%
Huttelaan
0%
Idalaan
0%
Ierse-Predikherenstraat
0%
IJzerenmolenstraat
0%
Ijzerenpoortstraat
0%
IJzerenwegstraat
0%
IJzersteenpad
0%
Isala Van Diestplein
0%
Jaagpad
0%
Jaartallenpad
0%
Jan Cobbaertplein
0%
Jan Van Bouwelstraat
0%
Jan Vandeveldelaan
0%
Jan Vranckxweg
0%
Jean-Baptiste Ectorsstraat
0%
Jean-Baptiste Van Monsstraat
0%
Jean Bulenswijk
0%
Jef Vanden Eyndelaan
0%
Jef Van Hooflaan
0%
Jeugdplein
0%
Jeugdstraat
0%
Joanna-Maria Artoisplein
0%
Jodenstraat
0%
Joos Florquinlaan
0%
Jos De Haeslaan
0%
Jozef Eerdekensstraat
0%
Jozef II-straat
0%
Jozef Pierrestraat
0%
Jozef Vounckplein
0%
Jozef Wautersstraat
0%
Jules Vandenbemptlaan
0%
Juliette Van der Schuerenstraat
0%
Justus Lipsiusstraat
0%
Kaboutermansstraat
0%
Kalkhovenstraat
0%
Kantineplein
0%
Kapeldreef
0%
Kapellelaan
0%
Kardinaal Mercierlaan
0%
Kardinaal Mercierplein
0%
Kareelveld
0%
Karekietenlaan
0%
Karel Schurmansstraat
0%
Karel van Lotharingenstraat
0%
Karmelietenberg
0%
Karthuizerij
0%
Kartuizersstraat
0%
Kasteelpark Arenberg
0%
Katjeswilgenlaan
0%
Keergat
0%
Keiberg
0%
Keibergstraat
0%
Keizersberg
0%
Keizersstraat (H74)
0%
Kerkhofdreef
0%
Kerkstraat
0%
Kerkweg
0%
Kerkweg (H93)
0%
Kerselarenweg
0%
Kerspelstraat
0%
Kerstine Liedekensstraat
0%
Kesselbergpad
0%
Kesselbergplein
0%
Kesseldallaan
0%
Kessel-Losesteenweg
0%
Kesselsteinplein
0%
Kesselstraat
0%
Kesselveld
0%
Ketelmakerij
0%
Kiekenstraat
0%
Klaprozenveld
0%
Klein Begijnhof
0%
Kleine-Huizenstraat
0%
Kleine Molenweg
0%
Klein Langeveld
0%
Klein-Rijselstraat
0%
Klein Straatken
0%
Kloosterlaan
0%
Kloosterweg
0%
Koekoekspad
0%
Koetsweg
0%
Koksijdepad
0%
Koksijdewijk
0%
Kolonel Begaultlaan
0%
Kolveniershof
0%
Koning Albertlaan
0%
Koning Albertplein
0%
Koning Boudewijnlaan
0%
Koningin Astridlaan
0%
Koningin Elisabethlaan
0%
Koning Leopold III-laan
0%
Koning Leopold I-straat
0%
Koperslagerij
0%
Korbeeklogang
0%
Korbeek-Losestraat
0%
Korenstraat
0%
Kortestraat
0%
Kortrijksestraat
0%
Kouterstraat
0%
Krakaulaan
0%
Krakauplein
0%
Krakenstraat
0%
Kribbepad
0%
Kriekenboslaan
0%
Kroegberg
0%
Krommelaan
0%
Kruisstraat
0%
Lakenweversstraat
0%
Landbouwstraat
0%
Langendaallaan
0%
Langerijlaan
0%
Langestaart
0%
Langeveldstraat
0%
La Vignette
0%
Lavorenberg
0%
Leerlooierijstraat
0%
Leeuwerikenstraat
0%
Lemmensberg
0%
Lentedreef
0%
Leo Dartelaan
0%
Leo Meulemansstraat
0%
Léon Colinslaan
0%
Léon Schreursvest
0%
Leopold3/Englebert
0%
Leopold Beosierlaan
0%
Leopold Decouxlaan
0%
Leopold Ruelensstraat
0%
Leopold Vanderkelenstraat
0%
Lepelstraat
0%
Leuvensebaan
0%
Leuvensestraat
0%
Leuvenseweg
0%
Libelpad
0%
Liemingenstraat
0%
Lievevrouweplein
0%
Lijnloperspad
0%
Lijsterlaan
0%
Lindensestraat
0%
Linneveld
0%
Linninkpad
0%
Locomotievenstraat
0%
Lodewijk De Vochtlaan
0%
Lodewijk Engelbertus Van Arenbergplein
0%
Lolanden
0%
Louis Melsensstraat
0%
Louis Pasteurwijk
0%
Lovensveldstraat
0%
Lüdenscheidsingel
0%
Maleizenstraat
0%
Margarethaplein
0%
Marguerite Lefèvrelaan
0%
Maria Van Belstraat
0%
Marie Thumas Durieuxbrug
0%
Marrainenplein
0%
Martelarenlaan
0%
Matadilaan
0%
Mathias Van den Gheynlaan
0%
Mathieu de Layensplein
0%
Mathildegang
0%
Mechelsevest
0%
Meerdaalboslaan
0%
Meibloemweg
0%
Mercatorpad
0%
Meuleveldweg (H87bis)
0%
Mezenlaan
0%
Middelweg
0%
Middenstraat
0%
Mijlboomweg
0%
Milseweg
0%
Molenaarsweg
0%
Molenbeekpad
0%
Mollekensstraat
0%
Mollekensstraat (H69)
0%
Monnikenstraat
0%
Monseigneur Van Waeyenberghlaan
0%
Mussenstraat
0%
Muurkruidstraat
0%
Myrna Mack
0%
Myrna Mackstraat
0%
Naamsepoort
0%
Naamsesteenweg
0%
Naamsevest
0%
Nachtegalenstraat
0%
Natuurvriendenlaan
0%
Nerviërsstraat
0%
Nieuwe Kerkhofdreef
0%
Nieuwe Mechelsesteenweg
0%
Noormannenstraat
0%
Norbertijnerweg
0%
Notelarenweg
0%
Omleiding
0%
Onafhankelijkheidsstraat
0%
Onderdoorgang
0%
Ontvoogdingstraat
0%
Onze-Lieve-Vrouwplein
0%
Onze-Lieve-Vrouwstraat
0%
Onze toevluchtstraat
0%
Ooiendonk
0%
Oosterhemstraat
0%
Oostertunnel
0%
Oostrem
0%
Oostremstraat
0%
Op de Vliet
0%
Oppendorpgang
0%
Opvoedingstraat
0%
Oratorianenpad
0%
Oudebaan
0%
Oude Diestsesteenweg
0%
Oude Nijvelseweg
0%
Oude Rondelaan
0%
Oude Wakkerzeelsebaan
0%
Oud-Heverleestraat
0%
Oudstrijderslaan
0%
Oud-Strijdersstraat
0%
Overwinningstraat
0%
Paardenweg
0%
Pachthof
0%
Paepeweg (H127)
0%
Pakenstraat
0%
Panoramalaan
0%
Parkbosstraat
0%
Parkdallaan
0%
Parking Personeel (Tabor)
0%
Parkpoort
0%
Parkweg
0%
Partisanenstraat
0%
Pastoor Legrandstraat
0%
Paswerkerij
0%
Pater Damiaanplein
0%
Paternosterstraat
0%
Pater Perquylaan
0%
Patrijzenlaan
0%
Patroonschapstraat
0%
Paul Delvauxwijk
0%
Paul Lebrunstraat
0%
Paul van Ostaijenlaan
0%
Pelgrimstraat
0%
Penitentienenstraat
0%
Pensestraatje (H117)
0%
Pensstraat
0%
Pereboomstraat
0%
Persilstraat
0%
Peter Benoitlaan
0%
Petermannenstraat
0%
Peterseliegang
0%
Petrusberg
0%
Philipslaan
0%
Philipsplein
0%
Philipssite
0%
Pierre Joseph Van Benedenstraat
0%
Pierre Joseph Verhaghenstraat
0%
Pieter Coutereelstraat
0%
Pieter De Somerlaan
0%
Pieter Nollekensstraat
0%
Pieter Van Dalepad
0%
Pioengang
0%
Pleinstraat
0%
Pompstraat
0%
Poortveldstraat
0%
Populierenlaan
0%
Populierenweg
0%
Populierenweg (H66)
0%
Predikherenberg
0%
Predikherinnenstraat
0%
Prelatenstraat
0%
Prins De Lignestraat
0%
Prinses Lydialaan
0%
Prins-Regentlaan
0%
Prins-Regentplein
0%
Priorijlaan
0%
Processiestraat
0%
Professor Jozef Vounckplein
0%
Professor Roger Van Overstraetenplein
0%
Prosperdreef
0%
Prosper Poulletlaan
0%
Provincie-esplanade
0%
Puttegang
0%
Quinten Metsysplein
0%
Ramberg
0%
Ramenstraatje
0%
Raoul Claesstraat
0%
Rapengang
0%
Rattemanspoort
0%
Ravenshoek
0%
Rechtestraat
0%
Rector De Somerplein
0%
Redersstraat
0%
Redingenhof
0%
Redingenstraat
0%
Refugehof
0%
Remisebosweg
0%
Remi Vandervaerenlaan
0%
Renaat Veremanslaan
0%
René De Clercqlaan
0%
Rene Eversstraat
0%
René Verbeeckstraat
0%
Rennes-Singel
0%
Richard Valvekensstraat
0%
Rietgors
0%
Rijdende-Artillerielaan
0%
Rijweg
0%
Ring Noord
0%
Rixvonderendijk
0%
Rode straat (level L1)
0%
Roeselbergdal
0%
Roeselveld
0%
Romeinse Ring
0%
Rondestraat
0%
Rotonde Het Teken
0%
Rotonde Vogelzang
0%
Rotspoel
0%
Rotspoelstraat
0%
Rotspoelweg
0%
Rozenberg
0%
Rustoordlaan
0%
Ruteriuspad
0%
Saffranenbergstraat
0%
Savoyestraat
0%
Schaffelkantstraat
0%
Schaliëndak
0%
Schepenenstraat
0%
Schipvaartstraat
0%
Schoolstraat
0%
Schoonzichtlaan
0%
Schorenshof
0%
Schotstraat
0%
Schrijnmakersstraat
0%
Sellekensstraat
0%
Seppe Deckersweg
0%
Sergeysstraat
0%
's-Herenwegveld
0%
's-Hertogenlaan
0%
's-Hertogenwijngaard
0%
Sint-Annastraat
0%
Sint-Antoniusberg
0%
Sint-Barbarastraat
0%
Sint-Beggaberg
0%
Sint-Goedelepad
0%
Sint-Hubertusstraat
0%
Sint-Jansbergsesteenweg
0%
Sint-Jorislaan
0%
Sint-Jorisstraat
0%
Sint-Jozefsdreef
0%
Sint-Lambertusstraat
0%
Sint Martinusstraat
0%
Sint-Michielsstraat
0%
Sint-Quintensberg
0%
Sint-Rafaelplein
0%
Sint-Reneldislaan
0%
Sint-Reneldisplein
0%
Sint-Servatiusstraat
0%
Skybridge
0%
Slachthuislaan
0%
Sluisstraat
0%
's Meiersstraat
0%
Smidsestraat
0%
Smisstraat
0%
Snoekenpad
0%
Snoy et D'Oppuerslaan
0%
Spaanse-Burchtlaan
0%
Spaanse-Kroonlaan
0%
Spaanse-Lindelaan
0%
Spaanse-Lindepad
0%
Spaans Kwartier
0%
Spaarstraat
0%
Spaarzaamheidstraat
0%
Sparrenboslaan
0%
Sparrendreef
0%
Speelhofpad
0%
Speltstraat
0%
Spoordijk
0%
Spoorwegstraat
0%
Sportpleinpad
0%
Stadsvest
0%
Standonckstraat
0%
Stanislas De Rijcklaan
0%
Stapelhuisstraat
0%
Steengroevenlaan
0%
Stelplaats De Lijn
0%
Stijn Streuvelslaan
0%
Stijn Streuvelstraat
0%
Stoemperspad
0%
Stoomstraat
0%
Straatjesgang
0%
Straat van het nieuw convent
0%
Strijdersstraat
0%
Studentenwijk Arenberg
0%
Stuiversweg
0%
Swertmolenstraat
0%
Sypestraat
0%
Tarweschoof
0%
Ten Hovelaan
0%
Ten Wijngaard
0%
Terbankstraat
0%
Ter Boelhage
0%
Tereikenlaan
0%
Ter Elstlaan
0%
Ter Spicht
0%
Tervuursepoort
0%
Ter Wijngaard
0%
Tessenstraat - Fonteinstraat
0%
Theresianengang
0%
Tiensepoort
0%
Tiensesteenweg
0%
Tildonksesteenweg
0%
Tivolibrug
0%
Tivolistraat
0%
Toekomstpad
0%
Toekomststraat
0%
Tolhuizenstraat
0%
Tomveldstraat
0%
Tramweg
0%
Tuinstraat
0%
Tunnelstraat
0%
Twaalfmeistraat
0%
Tweebunders
0%
Tweekleinewegenstraat
0%
Tweewatersstraat
0%
t' Zijpad
0%
Umafolaan
0%
Vaaltweg
0%
Vaartkom
0%
Vaeltweg (H80)
0%
Valkenplein
0%
Valkerijgang
0%
Valleistraat
0%
Van Bladelstraat
0%
Van Couwenhovelaan
0%
Vanden Tymplestraat
0%
Van Rodestraat
0%
Van 't Sestichstraat
0%
Varenspad
0%
Veeweidelaan
0%
Veeweidepad
0%
Veilingweg
0%
Veldlaan
0%
Veldstraat
0%
Verbindingslaan
0%
Verbrande Poortgang
0%
Verenigingstraat
0%
Vergezichtlaan
0%
Verkortingstraat
0%
Verloren Kost
0%
Verzoeningsstraat
0%
Vestinggang
0%
Victor Broosplein
0%
Vijverlaan
0%
Vinkenbosstraat
0%
Vinkenlaan
0%
Vismarkt
0%
Vissersstraat
0%
Vital Decosterstraat
0%
Vlamingenstraat
0%
Vlierbeeklaan
0%
Vlierbeekstraat
0%
Vlietstraat
0%
Vlietstraat (H26)
0%
Voerviaduct
0%
Vogelzang
0%
Volhardingslaan
0%
Volmolenlaan
0%
Voordelaan
0%
Voorzorgstraat
0%
Vredeplein
0%
Vredestraat
0%
Vriesenhof
0%
Vrijheidstraat
0%
Vuntcomplex
0%
Vuurkruisenlaan
0%
W23
0%
Wagenweg
0%
Wandelingstraat
0%
Warandelaan
0%
Waterleidingstraat
0%
Waterlelielaan
0%
Waterlelieplein
0%
Watervloedstraat
0%
Waversebaan
0%
Weergalmlaan
0%
Weerstandlaan
0%
Weg A
0%
Weg F
0%
Weg G
0%
Weggevoerdenstraat
0%
Weibeemd
0%
Weidestraat
0%
Weldadigheidsstraat
0%
Werkhuizenstraat
0%
Werkmanstraat
0%
Wielewaallaan
0%
Wieringstraat
0%
Wijgmaalsesteenweg
0%
Wijkweg
0%
Wijngaardlaan
0%
Wijnpersstraat
0%
Wildemansweg
0%
Wildenhoge
0%
Wilderbos
0%
Wildvogelpad
0%
Wilfried De Pauwstraat
0%
Wilgenhof
0%
Willem Coosemansstraat
0%
Willem de Croylaan
0%
Willem Vanden Abeelelaan
0%
Wilselsesteenweg
0%
Wingerdstraat
0%
Winkselsesteenweg
0%
Wipstraat
0%
Withoflaan
0%
Witte-Vrouwenpad
0%
Wolvengang
0%
Wolvenpoortpad
0%
Zandgang
0%
Zandweg (H119)
0%
Zavelputstraat
0%
Zavelputstraat (H31)
0%
Zeelstraat
0%
Zeepweg
0%
Zegelaan
0%
Zeilstraat
0%
Zevenslapersstraat
0%
Ziekelingenstraat
0%
Zijpstraat
0%
Zilveringen
0%
Zilverlingen
0%
Zitteblokveld
0%
Zitteblokweg (H119)
0%
Zoutstraat
0%
Zuster Jules-Marie Heymansstraat
0%
Zwaluwenlaan
0%
Zwanenberglaan
0%
Zwartzustersstraat
0%
Geen overeenkomende quizzen gevonden
Scoreverdeling
Procent van Mensen met Elke Score
Percentiel versus Aantal Correcte Antwoorden
Uw Scoregeschiedenis
U heeft deze quiz nog niet genomen